00640cam a22002294a 450000100090000000300040000900500170001300800410003001000170007102000180008804000180010604200080012405000220013208200200015410000200017424500750019424600220026926000300029130000300032165000290035170000300038012484546OSt20230902121841.0010727s2002 enka 001 0 eng  a 2001040686 a9788177581041 aDLCcDLCdDLC apcc00aHB135b.S886 200200a330.0151bSYD/M1 aSydsæter, Knut10aMathematics for economic analysis /cKnut Sydsaeter and Peter Hammond.30aEconomic analysis aNoida :bPearson,cc2006. a1000 p. :bill. ;c25 cm. 0aEconomics, Mathematical.1 aHammond, Peter J.,d1945-